Central Library and Information Centre
Sibsagar Girls' College, Sivasagar : Assam

ANUKALAN GANIT (Record no. 3643)

MARC details
000 -LEADER
fixed length control field 00398cam a2200181ua 4500
008 - FIXED-LENGTH DATA ELEMENTS--GENERAL INFORMATION
fixed length control field 160705n II |||gr||||Z||||||asm
040 ## - CATALOGING SOURCE
Original cataloging agency MAIN
041 ## - LANGUAGE CODE
-- English
082 ## - DEWEY DECIMAL CLASSIFICATION NUMBER
Classification number 512 SAI
100 ## - MAIN ENTRY--PERSONAL NAME
Personal name SAIKIA, BHULA.
245 ## - TITLE STATEMENT
Title ANUKALAN GANIT
260 ## - PUBLICATION, DISTRIBUTION, ETC.
Place of publication, distribution, etc. [s.l]:
Name of publisher, distributor, etc. LONGMAN.
300 ## - PHYSICAL DESCRIPTION
Extent 147.:
Dimensions 20CM.
700 ## - ADDED ENTRY--PERSONAL NAME
Personal name SAIKIA, BHULA.,
Relator term Author.
942 ## - ADDED ENTRY ELEMENTS (KOHA)
Koha item type Books
653 ## - INDEX TERM--UNCONTROLLED
Uncontrolled term Algebra
Holdings
Withdrawn status Lost status Damaged status Not for loan Collection code Home library Current library Shelving location Date acquired Full call number Barcode Date last seen Copy number Price effective from Koha item type Public note
Withdrawn       TBMAT Central Library and Information Centre Sibsagar Girls College Central Library and Information Centre Sibsagar Girls College Withdraw items 07.03.1985 512 SAI 11829 27.02.2020 1 27.02.2020 Books V
Withdrawn       TBMAT Central Library and Information Centre Sibsagar Girls College Central Library and Information Centre Sibsagar Girls College Withdraw items 07.03.1985 512 SAI 11830 27.02.2020 2 27.02.2020 Books V
Withdrawn       TBMAT Central Library and Information Centre Sibsagar Girls College Central Library and Information Centre Sibsagar Girls College Withdraw items 07.03.1985 512 SAI 11831 27.02.2020 3 27.02.2020 Books V
        TBMAT Central Library and Information Centre Sibsagar Girls College Central Library and Information Centre Sibsagar Girls College Mathematics Rack 07.03.1985 512 SAI 11832 27.02.2020 4 27.02.2020 Books  
Withdrawn       TBMAT Central Library and Information Centre Sibsagar Girls College Central Library and Information Centre Sibsagar Girls College Staff Office 07.03.1985 512 SAI 11833 27.02.2020 5 27.02.2020 Books  


Sibsagar Girl's College © 2020. All rights reserved.
Powered by Koha.
Maintained by Abhijit Borpuzari.